000 01567nam a22001337a 4500
999 _c528322
_d528322
008 241129b ||||| |||| 00| 0 eng d
100 _aSajoy, P. B. and Ajoy, P. B.
_949147
245 _aUnderstanding artificial intelligence: A layman’s overview
260 _aChartered Secretary: The Journal for Governance Professional
300 _a54(11), Nov, 2024: p.46-48
520 _aThis article explores the evolution and applications of Artificial Intelligence (AI), emphasizing its attempt in replicating human intelligence. It also distinguishes between objective functions, like arithmetic calculations, and subjective functions, such as decision-making, illustrating how Artificial Intelligence systems are designed to learn and adapt autonomously. The discussion outlines the three stages of development of Artificial Intelligence: Symbolic Artificial Intelligence, Machine Learning and the anticipated emergence of Artificial Super Intelligence. Various sectors, including healthcare, finance, and education are highlighted as key areas of Artificial Intelligence applications. Existing Artificial Intelligence systems, while not fully capable of replacing the functions of a Company Secretary, can still assist in their professional performance. As Artificial Intelligence continues to advance, the implication for society becomes increasingly significant and complex.- Reproduced https://www.icsi.edu/media/webmodules/CSJ/November-2024/ICSI_November_2024.pdf
773 _aChartered Secretary: The Journal for Governance Professional
942 _cAR